Govt. of
Madhya Pradesh

Structural Adjustments in Agricultural Sector for Growth and Productivity (Record no. 14586)

MARC details
000 -LEADER
fixed length control field 005540000a22001930004500
001 - CONTROL NUMBER
control field 002677
003 - CONTROL NUMBER IDENTIFIER
control field MACL
005 - DATE AND TIME OF LATEST TRANSACTION
control field 20150821123239.0
008 - FIXED-LENGTH DATA ELEMENTS--GENERAL INFORMATION
fixed length control field 150821b xxu||||| |||| 00| 0 eng d
040 ## - CATALOGING SOURCE
Original cataloging agency MACL
Transcribing agency MACL
041 ## - LANGUAGE CODE
Language code of text/sound track or separate title English
082 ## - DEWEY DECIMAL CLASSIFICATION NUMBER
Classification number 630/JOH
100 ## - MAIN ENTRY--PERSONAL NAME
Personal name Johl, S.S.
9 (RLIN) 6445
245 ## - TITLE STATEMENT
Title Structural Adjustments in Agricultural Sector for Growth and Productivity
Statement of responsibility, etc. S.S. Johl
260 ## - PUBLICATION, DISTRIBUTION, ETC. (IMPRINT)
Place of publication, distribution, etc. New Delhi
Date of publication, distribution, etc. 1994
Name of publisher, distributor, etc. Centre for Research in Rural & Industrial Development,
350 ## - PRICE (NR) (BK AM CF MU VM SE) [OBSOLETE]
Price 145
650 ## - SUBJECT ADDED ENTRY--TOPICAL TERM
Topical term or geographic name as entry element Agriculture
9 (RLIN) 6446
942 ## - ADDED ENTRY ELEMENTS (KOHA)
Call number prefix 630
Koha item type Books
Source of classification or shelving scheme
Holdings
Withdrawn status Lost status Source of classification or shelving scheme Damaged status Not for loan Home library Current library Date acquired Cost, normal purchase price Total Checkouts Full call number Barcode Date last seen Uniform Resource Identifier Price effective from Koha item type
          MACL MACL 15/04/2015 145.00   630/JOH CRE010175 02/05/2024 14472 15/04/2015 Books